Piloto de Fórmula 1 a país - Estadísticas

Estadísticas generales
  • Esta prueba ha sido intentada 4.722 veces
  • La puntuación promedio es 14 de 20
Estadísticas de respuestas
Hint Respuesta % Correcto
Fernando Alonso España
94%
Yuki Tsunoda Japón
93%
Sergio Pérez México
87%
Lewis Hamilton Reino Unido
87%
Zhou Guanyu China
84%
Max Verstappen Países Bajos
83%
Kimi Räikkönen Finlandia
80%
Kimi Antonelli Italia
80%
Ayrton Senna Brasil
78%
Charles Leclerc Mónaco
78%
Juan Manuel Fangio Argentina
71%
Juan Pablo Montoya Colombia
70%
Kevin Magnussen Dinamarca
68%
Daniel Ricciardo Australia
65%
Lance Stroll Canadá
64%
Niki Lauda Austria
57%
Alain Prost Francia
57%
Jacky Ickx Bélgica
31%
Mario Andretti Estados Unidos
30%
Bruce McLaren Nueva Zelanda
29%
No se encontraron pruebas coincidentes
Distribución de puntuación
Porcentaje de gente con cada puntuación
Porcentaje por número respondido
Historial de tus puntuaciones
No has intentado esta prueba.